Statistics for Mcu Movies and Shows

Click here to take the quiz!

General Stats

  • This quiz has been taken 22 times
  • The average score is 22 of 26

Answer Stats

YearMoviesYearShows and upcoming movies and shows% Correct
2011Captain America: The first avenger2015Agent carter
100%
2008iron man2021Wandavision
94%
2010iron man 22021hawkeye
94%
2013iron man 32021legends
94%
2016Doctor strange2023The marvels
88%
2008Incredible hulk2021loki
88%
2017Spider man Homecoming2022Moon knight
88%
2012The avengers2013Agents of sheild
88%
2011Thor2021What if
88%
2015Ant man2022Captain marvel 2
81%
2018Ant man and the waspTBAEcho
81%
2015Avengers age of ultron2022Black panther wakanda forever
81%
2019Avengers endgameTBAIron heart
81%
2018Avengers infinity warTBAArmor wars
81%
2018Black pantherTBAAgatha house of harkness
81%
2021Black widow
81%
2016Captain america civil war2022ant man and the wasp quantumania
81%
2014Captain america The winter soldier2022Thor love and thunder
81%
2019Captain marvel2022Secret invasion
81%
2014Guardians of the galaxy2022Doctor strange in the multiverse of madness
81%
2017Guardians of the galaxy vol 22023Guardians of the galaxy vol 3
81%
2021Eternals
75%
2021Spider man no way home
75%
2017Thor ragnarokTBAFantastic four
75%
2021Shang chi and the legend of the ten rings
69%
2013Thor dark world2021Assembled
69%

Score Distribution

Percentile by Number Answered

Percent of People with Each Score

Your Score History

You have not taken this quiz